On This Day: November 14th Quiz Stats

Quiz Updated Nov 14, 2017

Challenge
Share
Tweet
Embed
Score 0/7 Timer 03:00
0 Plays Today
Question Answer Wrong Answers
This founder of French Impressionist painting, known for his ‘Water Lilies’ series of oil paintings, is born.
1840
Claude Monet
89.5%
Vincent van Gogh
5.8%
Edgar Degas
1.9%
Paul Cézanne
2.8%
This leader of Poland’s outlawed Solidarity movement is released after eleven months of internment near the Soviet border.
1982
Lech Wałęsa
80.9%
Aleksander Kwaśniewski
6.4%
Jarosław Kaczyński
6.9%
Andrzej Duda
4.3%
President Abraham Lincoln approves General Ambrose Burnside’s plan to capture this Confederate capital, leading to the Battle of Fredericksburg.
1862
Richmond, Virginia
79.6%
New Orleans, Louisiana
3.8%
Nashville, Tennessee
4%
Atlanta, Georgia
12.3%
The first ______ economic summit opens in Washington, D.C.
2008
G-20
76.7%
BRICS
3.2%
OECD
4%
World Trade Organization
14.4%
Southern Airways Flight 932 crashes in the mountains near Huntington, West Virginia, killing 75, including members of the ______ football team.
1970
Marshall University
66.5%
West Virginia University
18.5%
University of Charleston
9.1%
Concord University
4.9%
The ‘Apalachin Meeting’ in rural upstate New York is raided by law enforcement. Many high level ______ members are arrested while trying to flee.
1957
Mafia
47.8%
Communist Party
36.2%
Black Panther Party
10.5%
Congressional
4.9%
With the signing of the Madrid Accords, Spain abandons this territory in North Africa.
1975
Western Sahara
46.2%
Equatorial Guinea
21.1%
Cabo Verde
22.9%
Burundi
8.5%

Today's Daily Dose

You're not logged in!

Compare scores with friends on all Sporcle quizzes.
Sign Up with Email
OR
Log In

You Might Also Like...

Show Comments

Extras

Top Quizzes Today


Score Distribution

Your Account Isn't Verified!

In order to create a playlist on Sporcle, you need to verify the email address you used during registration. Go to your Sporcle Settings to finish the process.